Manifesto for change/ (Record no. 4785)

MARC details
000 -LEADER
fixed length control field 00683cam a22002655i 4500
001 - CONTROL NUMBER
control field
003 - CONTROL NUMBER IDENTIFIER
control field OSt
005 - DATE AND TIME OF LATEST TRANSACTION
control field 20220107122803.0
008 - FIXED-LENGTH DATA ELEMENTS--GENERAL INFORMATION
fixed length control field 150319s2014 ii 000 0 eng
010 ## - LIBRARY OF CONGRESS CONTROL NUMBER
LC control number
020 ## - INTERNATIONAL STANDARD BOOK NUMBER
International Standard Book Number 9789351361725
037 ## - SOURCE OF ACQUISITION
Source of stock number/acquisition
040 ## - CATALOGING SOURCE
Original cataloging agency
Language of cataloging
Description conventions
Transcribing agency IIITMK
042 ## - AUTHENTICATION CODE
Authentication code
082 ## - DEWEY DECIMAL CLASSIFICATION NUMBER
Classification number 320.954 ABD/M
100 ## - MAIN ENTRY--PERSONAL NAME
Personal name A.P.J. Abdul Kalam
9 (RLIN) 7344
245 00 - TITLE STATEMENT
Title Manifesto for change/
Statement of responsibility, etc. A.P.J. Abdul Kalam and V. Ponraj.
260 ## - PUBLICATION, DISTRIBUTION, ETC.
Place of publication, distribution, etc. Noida,
Name of publisher, distributor, etc. HarperCollins Publishers India,
Date of publication, distribution, etc. 2014.
300 ## - PHYSICAL DESCRIPTION
Extent viii, 255 p.
650 ## - SUBJECT ADDED ENTRY--TOPICAL TERM
Topical term or geographic name entry element POLITICAL SCIENCE
9 (RLIN) 7345
650 ## - SUBJECT ADDED ENTRY--TOPICAL TERM
Topical term or geographic name entry element POLITICAL MANIFESTO
9 (RLIN) 7346
650 ## - SUBJECT ADDED ENTRY--TOPICAL TERM
Topical term or geographic name entry element INDIA
9 (RLIN) 7347
700 ## - ADDED ENTRY--PERSONAL NAME
Personal name Ponraj, V
9 (RLIN) 7348
942 ## - ADDED ENTRY ELEMENTS (KOHA)
Source of classification or shelving scheme Dewey Decimal Classification
Koha item type Books
Holdings
Withdrawn status Lost status Source of classification or shelving scheme Damaged status Not for loan Collection code Home library Current library Shelving location Date acquired Cost, normal purchase price Total Checkouts Full call number Barcode Date last seen Date last checked out Price effective from Koha item type
    Dewey Decimal Classification     Non Fiction Kerala University of Digital Sciences, Innovation and Technology Knowledge Centre Kerala University of Digital Sciences, Innovation and Technology Knowledge Centre Economics 03/07/2015 188.00 3 320.954 ABD/M 4207 01/08/2022 31/05/2022 03/07/2015 Books